| 000 | 00571nam a2200181 i 4500 | ||
|---|---|---|---|
| 001 | 173423 | ||
| 003 | ES-MaACL | ||
| 005 | 20230906215233.0 | ||
| 008 | 091201s1949 pr b |||| | eng d | ||
| 080 | _a37(729.5)(091) | ||
| 100 | 1 |
_aOsuna, Juan José. _9163451 |
|
| 245 | 1 | 2 |
_aA history of education in Puerto Rico / _cJuan José Osuna. |
| 250 | _a2ª ed. | ||
| 260 |
_aRío Piedras : _bEditorial de la Universidad de Puerto Rico, _c1949. |
||
| 300 |
_aXXIV, 657 p. : _bmap. ; _c24 cm. |
||
| 650 | 4 |
_aEnseñanza- _zPuerto Rico. _9163434 |
|
| 852 |
_aES-MaACL _jC-56992 |
||
| 999 |
_c173423 _d173423 |
||